Welcome to the Holygrace Academy Library

Please use search bar below to get started

I LIKE TO READ A SUMMER HOLIDAY (Record no. 1849)

MARC details
000 -LEADER
fixed length control field 00288nam a22001217a 4500
020 ## - INTERNATIONAL STANDARD BOOK NUMBER
ISBN 978-81-207-6321-0
082 ## - DEWEY DECIMAL CLASSIFICATION NUMBER
Classification number 823
Item number STE/S
100 ## - MAIN ENTRY--AUTHOR NAME
Personal name STERLING PUBLISHERS
245 ## - TITLE STATEMENT
Title I LIKE TO READ A SUMMER HOLIDAY
260 ## - PUBLICATION, DISTRIBUTION, ETC. (IMPRINT)
Place of publication LONDON
Name of publisher LADYBIRD
650 ## - SUBJECT ADDED ENTRY--TOPICAL TERM
Topical Term ENGLISH STORY
Geographic subdivision LONDON
942 ## - ADDED ENTRY ELEMENTS (KOHA)
Koha item type Books
Holdings
Withdrawn status Lost status Collection code Home library Current library Shelving location Date acquired Source of acquisition Full call number Accession Number Koha item type
    Fiction Main Library Main Library SHELF 3- A- LADY BIRD STORY BOOKS 09/05/2018 PURCHASE 823 STE/S 08749 Books